[Event "JAHI   IIII"]
[Site "SchemingMind.com"]
[Date "2018.07.12"]
[Round "-"]
[White "Phillip Beckett"]
[Black "Robert Hatfield"]
[Result "0-1"]
[WhiteCountry "ENG"]
[BlackCountry "USA"]
[WhiteElo "1503"]
[WhiteRD "56"]
[BlackElo "1899"]
[BlackRD "79"]
[GameID "430236"]

1. d4 Nf6 2. c4 e6 3. Nc3 Bb4 4. a3 Bxc3+ 5. bxc3 d6 6. Nf3 Nbd7 7. Bg5 h6 8. Bh4 c5 9. e3 g5 10. Bg3 Ne4
11. Qc2 Nxg3 12. hxg3 b6 13. d5 Nf8 14. dxe6 Nxe6 15. O-O-O Qc7 16. Qf5 Ke7 17. Qd3 Bb7 18. Be2 Rad8 19. Ne1 d5 20. cxd5 Rxd5
21. Qc2 c4 22. Nf3 Ra5 23. Qb2 Qc5 24. Rh5 Rxa3 25. Bxc4 Bxf3 26. gxf3 Qa5 27. Bxe6 Rxc3+ 28. Kb1 fxe6 29. Rd4 Qf5+ 30. e4 Qxf3
31. Qb4+ Kf6 32. Kb2 Qe2+ 33. Kxc3 Rc8+ 34. Kb3 Qc2+ 35. Ka3 Rc3+
0-1

[Event "JAHI   IIII"]
[Site "SchemingMind.com"]
[Date "2018.07.13"]
[Round "-"]
[White "Robert Hatfield"]
[Black "Phillip Beckett"]
[Result "1-0"]
[WhiteCountry "USA"]
[BlackCountry "ENG"]
[WhiteElo "1886"]
[WhiteRD "75"]
[BlackElo "1455"]
[BlackRD "56"]
[GameID "430237"]

1. c4 e5 2. Nc3 Nf6 3. Nf3 Nc6 4. d4 exd4 5. Nxd4 Nxd4 6. Qxd4 Be7 7. e4 O-O 8. Be2 d6 9. O-O Bg4 10. f3 Bd7
11. Be3 h6 12. Rad1 Nh7 13. Qd2 Ng5 14. Nd5 Ne6 15. Nxe7+ Qxe7 16. e5 Ba4 17. b3 Bc6 18. exd6 cxd6 19. Qxd6 Qxd6 20. Rxd6 Rfd8
21. Rfd1 Rxd6 22. Rxd6 a6 23. Kf2 Rd8 24. Rxd8+ Nxd8 25. Ke1 Ne6 26. Kd2 f5 27. Kc3 f4 28. Bf2 g5 29. b4 Kf7 30. b5 axb5
31. cxb5 Bd7 32. Kb4 Nc7 33. Bc4+ Be6 34. Bxe6+ Kxe6 35. a4 Nd5+ 36. Kc5 Nc3 37. Kb6 Nxa4+ 38. Kxb7 Kd6 39. b6 h5 40. h3 Nc3
41. Ka7 Nd5 42. b7
1-0

[Event "JAHI   IIII"]
[Site "SchemingMind.com"]
[Date "2018.08.01"]
[Round "-"]
[White "Robert Bruce"]
[Black "dadshane2000"]
[Result "1-0"]
[WhiteCountry "SCO"]
[BlackCountry "USA"]
[WhiteElo "2317"]
[WhiteRD "68"]
[BlackElo "1907"]
[BlackRD "97"]
[GameID "430809"]

1. f4 d5 2. Nf3 g6 3. e3 Bg7 4. Be2 Nf6 5. O-O O-O 6. d3 c5 7. c3 Nc6 8. Nbd2 b6 9. Ne5 Bb7 10. d4 c4
11. b3 b5 12. a4 a6 13. Rb1 Qc7 14. bxc4 bxc4 15. Ba3 Rfe8 16. Bf3 Bc8 17. Ndxc4 Bb7 18. Qb3 Reb8 19. Nb6 Ra7 20. Nxd5 Nxd5
21. Nxc6 Bxc6 22. Qxb8+ Qxb8 23. Rxb8+ Bf8 24. c4
1-0

[Event "JAHI   IIII"]
[Site "SchemingMind.com"]
[Date "2018.08.01"]
[Round "-"]
[White "dadshane2000"]
[Black "Robert Bruce"]
[Result "0-1"]
[WhiteCountry "USA"]
[BlackCountry "SCO"]
[WhiteElo "1907"]
[WhiteRD "97"]
[BlackElo "2317"]
[BlackRD "68"]
[GameID "430810"]

1. e4 Nf6 2. e5 Nd5 3. d4 d6 4. Nf3 dxe5 5. Nxe5 c6 6. Be2 Bf5 7. O-O Nd7 8. Ng4 Qc7 9. c4 Nf4 10. Bxf4 Qxf4
11. Nc3 e6 12. g3 Qc7 13. f4 O-O-O 14. Qb3 Bxg4 15. Bxg4 Nf6 16. Bf3 Rxd4 17. Rad1 e5 18. Rxd4 Bc5 19. Kg2 Bxd4 20. fxe5 Qxe5
21. Rd1 h5 22. Rd2 h4 23. Ne2 Bb6
0-1

[Event "JAHI   IIII"]
[Site "SchemingMind.com"]
[Date "2018.08.19"]
[Round "-"]
[White "Don71"]
[Black "JAHI"]
[Result "1-0"]
[WhiteCountry "NIR"]
[BlackCountry "INT"]
[WhiteElo "2450"]
[WhiteRD "85"]
[BlackElo "2133"]
[BlackRD "80"]
[GameID "431506"]

1. e4 c6 2. d4 d6 3. Nf3 d5 4. Nc3 dxe4 5. Nxe4 Nf6 6. Bd3 Nxe4 7. Bxe4 g6 8. O-O Bg7 9. Qe2 Nd7 10. Re1 Nf6
11. Bd3 Bg4 12. c3 e6 13. h3 Bxf3 14. Qxf3 Nd5 15. Bd2 Rc8 16. Rad1 a6 17. c4 Ne7 18. Be4 Bxd4 19. Be3 c5 20. Bxb7 Rb8
21. Bf4 a5 22. Be5 Rg8 23. Bxb8 Qxb8 24. Rd3 Qd6 25. Ra3 Qc7 26. Rb3 Qd6 27. Rb5 Kf8 28. Rxa5 Qc7 29. Ra8+ Kg7 30. Rxg8+ Kxg8
31. b3 h6 32. Rd1 Qa5 33. a4 Kg7 34. Bc6 Nxc6 35. Qxc6 Qc3 36. Qf3 Qc2 37. Re1 Qd2 38. Re2 Qb4 39. Kf1 h5 40. Ra2 Bc3
41. Rc2 Bd4 42. Re2 Bc3 43. Re3 Bd4 44. Rd3 h4 45. Qg4 Qa3 46. Rxd4 cxd4 47. Qxd4+ Kf8 48. Qh8+ Ke7 49. Qxh4+ f6 50. Kg1 Qxb3
51. c5 Qb1+ 52. Kh2 g5 53. Qd4 Qb8+ 54. g3 e5 55. Qd6+ Qxd6 56. cxd6+ Kxd6 57. h4 gxh4 58. gxh4 f5 59. Kg3 f4+ 60. Kg4 Kc5
61. h5 Kb4 62. h6 Kxa4 63. h7 e4 64. Kxf4 e3 65. fxe3 Kb4 66. h8=Q Kc4 67. Qd4+ Kb5 68. Ke5 Kc6 69. Qc3+ Kb5 70. Kd6 Kb6
71. Qb2+ Ka5 72. Kc5 Ka6 73. Qb6#
1-0

[Event "JAHI   IIII"]
[Site "SchemingMind.com"]
[Date "2018.08.19"]
[Round "-"]
[White "JAHI"]
[Black "Don71"]
[Result "0-1"]
[WhiteCountry "INT"]
[BlackCountry "NIR"]
[WhiteElo "2113"]
[WhiteRD "78"]
[BlackElo "2432"]
[BlackRD "91"]
[GameID "431507"]

1. c3 d5 2. c4 d4 3. e3 Nc6 4. exd4 Nxd4 5. Nf3 e5 6. Nc3 Nf6 7. Be2 Bc5 8. d3 O-O 9. h3 Bf5 10. Nxd4 exd4
11. Nb5 c6 12. Na3 Re8 13. Nc2 b5 14. b3 bxc4 15. bxc4 Ne4 16. dxe4 Bxe4 17. Bb2 d3 18. Ne3 Bxg2 19. Qxd3 Bb4+ 20. Bc3 Qxd3
21. Bxd3 Bxc3+ 22. Ke2 Rab8 23. Rhb1 Bxa1 24. Rxb8 Rxb8 25. Nxg2 Rb2+ 26. Ke3 Rxa2 27. Ne1 Bf6 28. Kf3 a5 29. Be4 a4 30. Nd3 a3
31. Nc1 Ra1 32. Nb3 a2 33. Nxa1 Bxa1 34. Bxc6 Bd4 35. Ke4 a1=Q 36. Bb5 Bc5 37. Kd5 Qd4+ 38. Kc6 Qd6+ 39. Kb7 Qb6+ 40. Kc8 Bd6
41. c5 Qc7#
0-1

[Event "JAHI   IIII"]
[Site "SchemingMind.com"]
[Date "2018.08.23"]
[Round "-"]
[White "Ronald R. Nurmi"]
[Black "errantknight"]
[Result "1-0"]
[WhiteCountry "USA"]
[BlackCountry "USA"]
[WhiteElo "1821"]
[WhiteRD "76"]
[BlackElo "1608"]
[BlackRD "99"]
[GameID "431524"]

1. d4 e6 2. Bf4 c5 3. e3 cxd4 4. exd4 Nc6 5. Nf3 Nf6 6. c3 a6 7. Bd3 h6 8. Nbd2 Be7 9. O-O d6 10. Re1 Bd7
11. a4 O-O 12. h3 Re8 13. b4 Na7 14. Qc2 Nc6 15. Nc4 d5 16. Nd6 Rf8 17. Nxb7 Qc8 18. Nd6 Bxd6 19. Bxd6 Re8 20. g4 Rd8
21. a5 Qb7 22. g5 hxg5 23. Nxg5 g6 24. Kg2 Nh5 25. Kh2 Na7 26. Bxg6 Nb5 27. Bxf7+ Kg7 28. Qg6+
1-0

[Event "JAHI   IIII"]
[Site "SchemingMind.com"]
[Date "2018.08.23"]
[Round "-"]
[White "errantknight"]
[Black "Ronald R. Nurmi"]
[Result "0-1"]
[WhiteCountry "USA"]
[BlackCountry "USA"]
[WhiteElo "1608"]
[WhiteRD "99"]
[BlackElo "1821"]
[BlackRD "76"]
[GameID "431525"]

1. e4 d5 2. exd5 Qxd5 3. Nc3 Qd6 4. Nf3 Nf6 5. h3 Bf5 6. d3 c6 7. Be2 e6 8. Be3 h6 9. a3 Be7 10. O-O O-O
11. Nh4 Bh7 12. Nf3 Nbd7 13. Re1 Nb6 14. Bd2 Rad8 15. Qc1 Nbd5 16. Nxd5 cxd5 17. Bf4 Qc6 18. Ne5 Qc8 19. Bh2 b5 20. b4 a6
21. Bf3 Qc3 22. Ng4 Nxg4 23. Bxg4 Rc8 24. Ra2 Bxd3 25. Bd1 Qxe1#
0-1

[Event "JAHI   IIII"]
[Site "SchemingMind.com"]
[Date "2018.09.06"]
[Round "-"]
[White "spoke"]
[Black "berns"]
[Result "1-0"]
[WhiteCountry "GER"]
[BlackCountry "ENG"]
[WhiteElo "1863"]
[WhiteRD "66"]
[BlackElo "1544"]
[BlackRD "97"]
[GameID "432068"]

1. e4 e5 2. Nf3 Nc6 3. Bc4 d6 4. d4 Bg4 5. h3 Bh5 6. g4 Bg6 7. Nc3 h6 8. d5 Nce7 9. Be3 c6 10. Qd2 cxd5
11. exd5 a6 12. a3 Nf6 13. O-O-O Qc7 14. Bb3 Nc8 15. g5 hxg5 16. Bxg5 Be7 17. h4 Ng4 18. Bxe7 Nxe7 19. Rdg1 Bh5 20. Rg2 O-O-O
21. Ng5 Rdf8 22. Rhg1 Qd7 23. Qd3 Kb8 24. Qh3 Nf6 25. Qxd7 Nxd7 26. Nge4 g6 27. Nxd6 Nc5 28. Bc4 Kc7 29. Nde4 Nxe4 30. Nxe4 Bf3
31. d6+ Kc6 32. Rg3 Bxe4 33. dxe7 Re8 34. Bxf7 Rxe7 35. Bxg6 Rxh4 36. Bxe4+ Rxe4 37. Re3 Rxe3 38. fxe3 Kd5 39. Kd2 Rf7 40. Ke2 a5
41. b3 b5 42. Rg5 Rc7 43. Kd3 Rd7 44. e4+ Kc5+ 45. Kc3 Re7 46. b4+ axb4+ 47. axb4+ Kd6 48. Rg6+ Kc7 49. Kb3 Kc8 50. Rb6 Rb7
51. Re6 Rf7 52. Rxe5 Rf3+ 53. c3 Re3 54. Rxb5 Rxe4 55. Rc5+ Kb7 56. Rc4 Re3 57. Rd4 Kb6 58. Kc4 Kc6 59. Rh4 Kb6 60. Rh6+ Kc7
61. b5 Re4+ 62. Kc5 Re5+ 63. Kb4 Re4+ 64. c4 Re2 65. Rg6 Rb2+ 66. Kc5 Ra2 67. Rg7+ Kc8 68. Kc6 Kb8 69. b6
1-0

[Event "JAHI   IIII"]
[Site "SchemingMind.com"]
[Date "2018.09.06"]
[Round "-"]
[White "berns"]
[Black "spoke"]
[Result "0-1"]
[WhiteCountry "ENG"]
[BlackCountry "GER"]
[WhiteElo "1523"]
[WhiteRD "98"]
[BlackElo "1893"]
[BlackRD "69"]
[GameID "432069"]

1. d4 Nf6 2. c4 e6 3. Nc3 Bb4 4. a3 Bxc3+ 5. bxc3 c5 6. Nf3 b6 7. e3 Bb7 8. Be2 O-O 9. O-O Ne4 10. Bd3 f5
11. Qc2 d6 12. a4 Nd7 13. h3 Ndf6 14. Rb1 Qc7 15. Ba3 cxd4 16. cxd4 Rfc8 17. Rb3 d5 18. Rc1 Ba6 19. Bxe4 fxe4 20. Ne5 Nd7
21. Rc3 Nxe5 22. dxe5 Bxc4 23. Bd6 Qd7 24. Ra1 Bd3 25. Qb2 Rxc3 26. Qxc3 Rc8 27. Qa3 Qc6 28. a5 b5 29. f3 Qc2 30. fxe4 Bxe4
31. Ra2 Qb1+ 32. Kh2 Rc1 33. Rf2 Bf5 34. a6 h5 35. Qa5 Rh1+ 36. Kg3 Qe4 37. Qd8+ Kh7 38. Qh4 Qxe3+ 39. Rf3 Qe1+ 40. Rf2 Bg4
41. Bc5 Qc3+ 42. Kf4 Qxc5 43. Qg3 Qc1+ 44. Qe3 Qxe3+ 45. Kxe3 Bf5 46. Rb2 Ra1 47. Rxb5 Rxa6 48. Kf4 Kh6 49. Rb4 Ra3 50. Rb8 g5#
0-1

[Event "JAHI   IIII"]
[Site "SchemingMind.com"]
[Date "2018.09.01"]
[Round "-"]
[White "Robert Hatfield"]
[Black "John Hamer"]
[Result "1/2-1/2"]
[WhiteCountry "USA"]
[BlackCountry "ENG"]
[WhiteElo "1900"]
[WhiteRD "72"]
[BlackElo "2015"]
[BlackRD "72"]
[GameID "432070"]

1. c4 Nf6 2. g3 g6 3. Bg2 Bg7 4. Nf3 O-O 5. Nc3 d5 6. cxd5 Nxd5 7. O-O Nc6 8. e4 Nxc3 9. bxc3 Na5 10. Rb1 Be6
11. Qa4 c6 12. d4 b5 13. Qc2 Bc4 14. Rd1 Rc8 15. Bh3 e6 16. Bg5 Qb6 17. Be7 Rfe8 18. Bc5 Qc7 19. Nd2 Red8 20. e5 Bf8
21. Bxf8 Rxf8 22. Ne4 Kg7 23. Nf6 Rfd8 24. Qd2 Bd5 25. Qg5 h6 26. Nh5+=
1/2-1/2

[Event "JAHI   IIII"]
[Site "SchemingMind.com"]
[Date "2018.09.01"]
[Round "-"]
[White "John Hamer"]
[Black "Robert Hatfield"]
[Result "1-0"]
[WhiteCountry "ENG"]
[BlackCountry "USA"]
[WhiteElo "2015"]
[WhiteRD "72"]
[BlackElo "1900"]
[BlackRD "72"]
[GameID "432071"]

1. d4 Nf6 2. c4 e6 3. Bg5 Bb4+ 4. Nd2 d5 5. e3 O-O 6. Nf3 b6 7. Rc1 c5 8. cxd5 exd5 9. Be2 Bb7 10. O-O c4
11. b3 cxb3 12. Qxb3 Bd6 13. Rfd1 Nbd7 14. Bd3 h6 15. Bh4 Rc8 16. Bf5 Rxc1 17. Rxc1 Qb8 18. Qa4 Rc8 19. Rd1 Bc6 20. Qc2 Bb5
21. Qb3 Bc4 22. Qb2 Be2 23. Re1 Bxf3 24. Bxf6 Bxh2+ 25. Kh1 Nxf6 26. Bxc8 Ne4 27. Nxf3
1-0

[Event "JAHI   IIII"]
[Site "SchemingMind.com"]
[Date "2018.10.21"]
[Round "-"]
[White "Ronald R. Nurmi"]
[Black "ray winteringham"]
[Result "1-0"]
[WhiteCountry "USA"]
[BlackCountry "ENG"]
[WhiteElo "1756"]
[WhiteRD "78"]
[BlackElo "1463"]
[BlackRD "51"]
[GameID "433772"]

1. d4 d5 2. c4 e6 3. Nc3 Bb4 4. Nf3 Bd7 5. e3 Ne7 6. Bd3 Bxc3+ 7. bxc3 h6 8. O-O c6 9. Ne5 O-O 10. Ba3 Re8
11. cxd5 cxd5 12. Qh5 f6 13. Ng6 Nxg6 14. Qxg6 f5 15. f4 Nc6 16. Rf3 b6 17. Rh3 Ne7 18. Bxe7 Qxe7 19. Rxh6 Qf7 20. Qxf7+ Kxf7
21. Rh3 a5 22. Rf3 Rh8 23. c4 Bc6 24. Rf2 g6 25. Rb1 dxc4 26. Bxc4 Rab8 27. Rfb2 Rbc8 28. Rxb6 Ke7 29. Ra6 Bxg2 30. Rxe6+ Kd8
31. Bf1 Be4 32. Rb2 Bd5 33. Rxg6 Be4 34. Ra6 Rg8+ 35. Kf2 Bd3 36. Bxd3 Rh8 37. Kg3 Rc3 38. Rb8+ Rc8 39. Rxc8+ Kxc8 40. Ra8+
1-0

[Event "JAHI   IIII"]
[Site "SchemingMind.com"]
[Date "2018.10.21"]
[Round "-"]
[White "ray winteringham"]
[Black "Ronald R. Nurmi"]
[Result "0-1"]
[WhiteCountry "ENG"]
[BlackCountry "USA"]
[WhiteElo "1463"]
[WhiteRD "51"]
[BlackElo "1756"]
[BlackRD "78"]
[GameID "433773"]

1. e4 d5 2. exd5 Qxd5 3. Nc3 Qd6 4. d3 Nf6 5. Be2 a6 6. h3 e5 7. Bf3 Be7 8. Bd2 Nc6 9. Nge2 O-O 10. O-O Be6
11. b3 Rfd8 12. Ne4 Nxe4 13. Bxe4 f5 14. Bxc6 Qxc6 15. Ng3 g6 16. Qe1 Bf6 17. c3 Rxd3 18. c4 Rad8 19. Bh6 e4 20. Rb1 Bg7
21. Bg5 R8d7 22. Bf4 Bc3 23. Qc1 Qc5 24. a4 Bd4 25. Ne2 Bf6 26. Be3 Qd6 27. Nf4 Bf7 28. Nxd3 exd3 29. Qd2 c5 30. Rfd1 b6
31. Bg5 Be5 32. Be3 a5 33. f4 Bf6 34. g3 Kg7 35. Kf2 h6 36. g4 g5 37. Rh1 Re7 38. gxf5 gxf4 39. Bxf4 Qd4+ 40. Kf1 Re2
41. Bxh6+ Kh7 42. Qf4 Re4 43. Qd2 Re2 44. Qc1 Qf2#
0-1

[Event "JAHI   IIII"]
[Site "SchemingMind.com"]
[Date "2018.11.29"]
[Round "-"]
[White "Robert Bruce"]
[Black "Chessibelle"]
[Result "1-0"]
[WhiteCountry "SCO"]
[BlackCountry "ENG"]
[WhiteElo "2311"]
[WhiteRD "68"]
[BlackElo "1191"]
[BlackRD "61"]
[GameID "435255"]

1. f4 d5 2. Nf3 e6 3. e3 Nc6 4. b3 Nf6 5. Bb2 g6 6. Bb5 Bd7 7. Be2 Be7 8. O-O O-O 9. c4 a6 10. a3 Bd6
11. Qc2 Na7 12. Qc3 Be7 13. g4 Nxg4 14. Qg7#
1-0

[Event "JAHI   IIII"]
[Site "SchemingMind.com"]
[Date "2018.11.30"]
[Round "-"]
[White "Chessibelle"]
[Black "Robert Bruce"]
[Result "0-1"]
[WhiteCountry "ENG"]
[BlackCountry "SCO"]
[WhiteElo "1191"]
[WhiteRD "61"]
[BlackElo "2311"]
[BlackRD "68"]
[GameID "435256"]

1. e4 Nf6 2. Nc3 e5 3. d3 Bc5 4. h3 h6 5. Nge2 c6 6. g4 Qb6 7. d4 exd4 8. Na4 Qb4+ 9. Nac3 Nxe4 10. Qd3 dxc3
11. b3 Nxf2 12. Qf3 Nxh1 13. Qxh1 O-O 14. Bg2 Re8 15. Bf3 Qd4 16. Qh2 b6 17. Bf4 Ba6 18. Bg3 Re3 19. Kf1 Rxf3+ 20. Kg2 Qe4
21. h4 h5 22. g5 Rf2+
0-1

[Event "JAHI   IIII"]
[Site "SchemingMind.com"]
[Date "2018.12.09"]
[Round "-"]
[White "Robert Bruce"]
[Black "Aleksandr Frenkel"]
[Result "1-0"]
[WhiteCountry "SCO"]
[BlackCountry "USA"]
[WhiteElo "2336"]
[WhiteRD "68"]
[BlackElo "2166"]
[BlackRD "71"]
[GameID "435732"]

1. f4 d5 2. Nf3 Bg4 3. e3 Nd7 4. h3 Bxf3 5. Qxf3 c6 6. d4 e6 7. Nd2 Bd6 8. a3 f5 9. c4 Ngf6 10. g4 Ne4
11. g5 O-O 12. h4 c5 13. cxd5 exd5 14. dxc5 Ndxc5 15. b4 Ne6 16. Nxe4 dxe4 17. Qf2 Rc8 18. Qa2 Qe7 19. h5 Rfd8 20. h6 g6
21. Bc4 Bxb4+ 22. Ke2 Rxc4 23. Qxc4 Ba5 24. Rd1 Rxd1 25. Kxd1 Qd7+ 26. Ke2 b5 27. Qc2 Qc7 28. Qxc7 Bxc7 29. Rb1 a6 30. Bb2 Kf7
31. Rc1 Ke7 32. Rc6 a5 33. Ra6 a4 34. Ra7 Kd7 35. Ra8 Nd8 36. Bf6 Ke8 37. Bxd8 Bxd8 38. Rb8 Kd7 39. Rxb5 Kc6 40. Rb8 Kc7
41. Ra8
1-0

[Event "JAHI   IIII"]
[Site "SchemingMind.com"]
[Date "2018.12.09"]
[Round "-"]
[White "Aleksandr Frenkel"]
[Black "Robert Bruce"]
[Result "1/2-1/2"]
[WhiteCountry "USA"]
[BlackCountry "SCO"]
[WhiteElo "2166"]
[WhiteRD "71"]
[BlackElo "2336"]
[BlackRD "68"]
[GameID "435733"]

1. e4 Nf6 2. e5 Nd5 3. d4 d6 4. Nf3 dxe5 5. Nxe5 c6 6. Be2 Bf5 7. O-O Nd7 8. Nf3 e6 9. c4 N5f6 10. Bf4 Qb6
11. Qc1 h6 12. Nc3 g5 13. Be3 Qc7 14. d5 Bd6 15. Kh1 Bh7 16. Qd2 Bb4 17. dxe6 fxe6 18. Nd4 Nf8 19. a3 Be7 20. Rfd1 Rd8
21. Qe1 a6 22. b4 c5 23. Nb3 Rxd1 24. Nxd1 b6 25. bxc5 bxc5 26. Qa5 Qxa5 27. Nxa5 N8d7 28. Nc3 Kf7 29. Nc6 Bd6 30. Rd1 Bc7
31. Bh5+ Kg7 32. Bf3 Ne5 33. Bxc5 Nxf3 34. gxf3 Rc8 35. Ne2 g4 36. Ned4 Kf7 37. Re1 Re8 38. Be7 gxf3 39. Bxf6 Kxf6 40. c5 Bf4
41. Nxf3 Rc8=
1/2-1/2

[Event "JAHI   IIII"]
[Site "SchemingMind.com"]
[Date "2018.12.15"]
[Round "-"]
[White "spoke"]
[Black "Ronald R. Nurmi"]
[Result "1-0"]
[WhiteCountry "GER"]
[BlackCountry "USA"]
[WhiteElo "1797"]
[WhiteRD "70"]
[BlackElo "1747"]
[BlackRD "75"]
[GameID "436010"]

1. e4 d5 2. exd5 Qxd5 3. Nc3 Qd6 4. d4 Nf6 5. Nf3 c6 6. Be2 Bg4 7. h3 Bh5 8. Be3 e6 9. Ne5 Bxe2 10. Qxe2 Nbd7
11. f4 Be7 12. O-O O-O 13. Rad1 Rfd8 14. Bf2 Qc7 15. Ne4 Nd5 16. Bg3 N7f6 17. Nxf6+ Nxf6 18. c3 Qb6 19. b4 a5 20. a3 axb4
21. axb4 Ra3 22. Qb2 Rda8 23. Nc4 Qa6 24. Na5 Rxa5 25. bxa5 Nd5 26. Rfe1 Qc4 27. f5 Nxc3 28. Qxb7 Re8 29. a6 Nb5 30. a7
1-0

[Event "JAHI   IIII"]
[Site "SchemingMind.com"]
[Date "2018.12.15"]
[Round "-"]
[White "Ronald R. Nurmi"]
[Black "spoke"]
[Result "1/2-1/2"]
[WhiteCountry "USA"]
[BlackCountry "GER"]
[WhiteElo "1747"]
[WhiteRD "75"]
[BlackElo "1797"]
[BlackRD "70"]
[GameID "436011"]

1. d4 e6 2. e4 d5 3. Nc3 Bb4 4. e5 c5 5. a3 Ba5 6. b4 cxb4 7. Nb5 Bc7 8. Qg4 g6 9. axb4 Bd7 10. Bg5 Ne7
11. Bf6 h5 12. Qg5 Nbc6 13. Nxc7+ Qxc7 14. Bxh8 Nxd4 15. Bd3 Nxc2+ 16. Bxc2 Qc3+ 17. Qd2 Qxa1+ 18. Ke2 Bb5+ 19. Bd3 Bxd3+ 20. Qxd3 Qb2+
21. Qd2 Qb3 22. h4 Rc8 23. Rh3 Qb1 24. Rc3 Rxc3 25. Qxc3 Qe4+ 26. Qe3 Qc2+ 27. Qd2 Qe4+ 28. Qe3 Qc2+ 29. Qd2 Qe4+ 30. Qe3=
1/2-1/2

[Event "JAHI   IIII"]
[Site "SchemingMind.com"]
[Date "2019.02.07"]
[Round "-"]
[White "John Hamer"]
[Black "spoke"]
[Result "1-0"]
[WhiteCountry "ENG"]
[BlackCountry "GER"]
[WhiteElo "2005"]
[WhiteRD "68"]
[BlackElo "1791"]
[BlackRD "70"]
[GameID "438085"]

1. d4 Nf6 2. c4 e6 3. g3 c5 4. d5 exd5 5. cxd5 d6 6. Nc3 g6 7. Bg2 Bg7 8. Nf3 O-O 9. O-O Nbd7 10. Bf4 Nb6
11. e4 Nh5 12. Be3 f5 13. Bg5 Bf6 14. Bh6 Bg7 15. Qc1 Nf6 16. Re1 Re8 17. Bg5 Qd7 18. e5 dxe5 19. Nxe5 Qd8 20. h4 Nbd7
21. Nc4 Nb6 22. Qf4 Nbxd5 23. Bxd5+ Nxd5 24. Nxd5 Rxe1+ 25. Rxe1 Qxd5 26. Re8+
1-0

[Event "JAHI   IIII"]
[Site "SchemingMind.com"]
[Date "2019.02.07"]
[Round "-"]
[White "spoke"]
[Black "John Hamer"]
[Result "0-1"]
[WhiteCountry "GER"]
[BlackCountry "ENG"]
[WhiteElo "1791"]
[WhiteRD "70"]
[BlackElo "2005"]
[BlackRD "68"]
[GameID "438086"]

1. e4 e5 2. Nf3 Nc6 3. Bc4 Nf6 4. Ng5 d5 5. exd5 Na5 6. Bb5+ c6 7. dxc6 bxc6 8. Be2 h6 9. Nh3 Bd6 10. d4 e4
11. Nf4 Qc7 12. g3 O-O 13. O-O Rd8 14. c4 c5 15. d5 Bb7 16. Nc3 Ba6 17. b3 Be5 18. Bb2 Bxf4 19. gxf4 Qxf4 20. f3 e3
21. Qe1 Re8 22. Qg3 Qf5 23. Rad1 Nh5 24. Qg4 Bc8 25. Qxf5 Bxf5 26. Kh1 Kf8 27. Nb5 Rad8 28. Ba3 Nb7 29. b4 cxb4 30. Bxb4+ Kg8
31. f4 Nf6 32. a3 a5 33. Bc3 Rd7 34. Nd4 Bg6 35. f5 Bh7 36. Rde1 Ne4 37. Bb2 Nbd6 38. Bg4 Nxc4
0-1

[Event "JAHI   IIII"]
[Site "SchemingMind.com"]
[Date "2019.04.25"]
[Round "-"]
[White "Don71"]
[Black "Helga1946"]
[Result "1-0"]
[WhiteCountry "NIR"]
[BlackCountry "GER"]
[WhiteElo "2391"]
[WhiteRD "108"]
[BlackElo "1924"]
[BlackRD "71"]
[GameID "440581"]

1. e4 e5 2. Nf3 Nc6 3. Nc3 Bc5 4. Nxe5 Bxf2+ 5. Kxf2 Nxe5 6. d4 Nc6 7. Bf4 Nge7 8. Bc4 O-O 9. Rf1 d6 10. Kg1 Kh8
11. Qd2 f6 12. Be2 Ng6 13. Be3 Re8 14. Rae1 Nce7 15. Bf2 Be6 16. h4 Ng8 17. h5 Nf8 18. Bg3 Bf7 19. Bh2 Qd7 20. Bf4 h6
21. d5 Re7 22. Bh2 Qe8 23. Rf5 Nh7 24. Bg4 b5 25. Qe2 b4 26. Nb1 Ng5 27. Nd2 a6 28. Bg3 Rb8 29. Bf3 Rb5 30. Qd3 Ra5
31. Ra1 Bxh5 32. Bxh5 Qxh5 33. Nb3 Ra4 34. Nd2 Ra5 35. a3 bxa3 36. bxa3 Qe8 37. Re1
1-0

[Event "JAHI   IIII"]
[Site "SchemingMind.com"]
[Date "2019.04.25"]
[Round "-"]
[White "Helga1946"]
[Black "Don71"]
[Result "0-1"]
[WhiteCountry "GER"]
[BlackCountry "NIR"]
[WhiteElo "1924"]
[WhiteRD "71"]
[BlackElo "2391"]
[BlackRD "108"]
[GameID "440582"]

1. e4 e5 2. Nf3 Nc6 3. Bb5 a6 4. Bxc6 dxc6 5. d3 Bd6 6. h3 f5 7. Bg5 Nf6 8. Nbd2 h6 9. Bxf6 Qxf6 10. O-O Be6
11. exf5 Qxf5 12. Re1 O-O 13. Re3 Bf7 14. a3 Rae8 15. Qe2 c5 16. Re1 Qg6 17. Ne4 Kh8 18. b3 Bg8 19. Nh4 Qe6 20. Nd2 b5
21. Nhf3 Qf7 22. Ne4 Bh7 23. Qd2 Ra8 24. Qc3 Qd5 25. Ned2 Rf5 26. Qa5 Kg8 27. a4 Qb7 28. Nxe5 Raf8 29. Ndf3 c6 30. Ng4 c4
31. Re6 Qd7 32. dxc4 bxa4 33. Qxa4 h5 34. Ngh2 Qc7 35. b4 a5 36. bxa5 Rxa5 37. Qb3 Ra3 38. Qb2 Raa8
0-1

[Event "JAHI   IIII"]
[Site "SchemingMind.com"]
[Date "2020.01.15"]
[Round "-"]
[White "Don71"]
[Black "Robert Bruce"]
[Result "0-1"]
[WhiteCountry "NIR"]
[BlackCountry "SCO"]
[WhiteElo "2348"]
[WhiteRD "104"]
[BlackElo "2407"]
[BlackRD "67"]
[GameID "450230"]

1. e4 Nf6 2. e5 Nd5 3. d4 d6 4. c4 Nb6 5. Nf3 Bg4 6. exd6 cxd6 7. Nc3 e6 8. Be2 Be7 9. O-O O-O 10. Be3 d5
11. c5 Bxf3 12. Bxf3 Nc4 13. Bf4 Nc6 14. b3 Na3 15. Be3 Qa5 16. Rc1 Rac8 17. Be2 Bf6 18. Bg4 b6 19. Ne2 Rfe8 20. Qd3 Be7
21. Nf4 bxc5 22. dxc5 Qb5 23. Qxb5 Nxb5 24. Rfd1 Rcd8 25. Be2 Rb8 26. Bd3 Bf6 27. Ne2 Na3 28. Bf4 Bb2 29. Bxb8 Rxb8 30. Rc3 Nb4
31. Rd2 Bxc3 32. Nxc3 Kf8 33. Be2 Rc8 34. Na4 e5 35. Bg4 Rc7 36. Bf3 e4 37. Bd1 Ke7 38. Rd4 a5 39. Be2 Ke6 40. Rd1 f5
41. g3 Nac2 42. Rd2 g5 43. Bf1 Ke5 44. Nb6 Na3 45. Bg2 d4 46. g4 f4
0-1

[Event "JAHI   IIII"]
[Site "SchemingMind.com"]
[Date "2020.01.15"]
[Round "-"]
[White "Robert Bruce"]
[Black "Don71"]
[Result "1-0"]
[WhiteCountry "SCO"]
[BlackCountry "NIR"]
[WhiteElo "2450"]
[WhiteRD "66"]
[BlackElo "2329"]
[BlackRD "101"]
[GameID "450231"]

1. f4 Nf6 2. Nf3 d5 3. e3 e6 4. b3 Bd6 5. Bb2 O-O 6. Be2 c5 7. O-O b6 8. Ne5 Bb7 9. Bf3 b5 10. c4 bxc4
11. bxc4 Nbd7 12. Na3 Rb8 13. Nb5 Bxe5 14. fxe5 Ne8 15. Rb1 dxc4 16. Bc3 f6 17. Bxb7 Rxb7 18. Qg4 Qe7 19. exf6 Nexf6 20. Qxc4 Rfb8
21. a4 Nd5 22. Rbc1 a6 23. Na3 N7b6 24. Qe4 Nxc3 25. dxc3 Re8 26. a5 Nd5 27. h3 Rb3 28. Nc4 Nxc3 29. Qc2 Reb8 30. Nb6 c4
31. Nxc4 Qc5 32. Nb6 Qb5 33. Kh1 Re8 34. Rf3 Ra3 35. Qd2 Ne4 36. Qd4 Rxa5 37. Kg1 h6 38. Qxe4 Qxb6 39. Rg3 Rg5 40. Rxg5 hxg5
41. Qe5 Qd8 42. Ra1 Qd3 43. Qxg5 Rb8 44. Kh2 Rb5 45. Qf4= a5 46. Rc1 Qf5 47. Rc7 Qxf4+ 48. exf4 a4 49. Ra7 Rb4 50. Kg3 Kh7
51. Ra6 Rb3+ 52. Kg4 a3 53. Rxe6 Rb2 54. g3 Rb3= 55. Ra6 Rc3 56. f5 Rc4+ 57. Kh5
1-0

[Event "JAHI   IIII"]
[Site "SchemingMind.com"]
[Date "2020.08.19"]
[Round "-"]
[White "Robert Bruce"]
[Black "John Hamer"]
[Result "1-0"]
[WhiteCountry "SCO"]
[BlackCountry "ENG"]
[WhiteElo "2386"]
[WhiteRD "64"]
[BlackElo "2004"]
[BlackRD "60"]
[GameID "458857"]

1. d4 e6 2. Nf3 d5 3. e3 Nf6 4. Bd3 c6 5. O-O Bd6 6. b3 O-O 7. Bb2 Nbd7 8. Ne5 Qc7 9. a4 b6 10. a5 Bb7
11. f4 Rad8 12. a6 Bc8 13. c4 Bb4 14. Qf3 Rfe8 15. Ra4 Be7 16. Nc3 h6 17. g4 Rf8 18. Rc1 Rfe8 19. Bb1 g6 20. h4 Rf8
21. h5 Ne8 22. cxd5 Nxe5 23. dxe5 exd5 24. hxg6 Bc5 25. Ne2 Ng7 26. b4 Be7 27. gxf7+ Rxf7 28. Bg6 Rff8 29. Nd4 Bd7 30. Qh3 h5
31. Bxh5
1-0